000
00229nam a22000857a 4500
008
161020b xxu||||| |||| 00| 0 eng d
100
_9
893
_a
Kleiser.G.
245
_a
Common Errors in English
260
_a
New Delhi
_b
APH Publications
_c
2005
999
_c
3546
_d
3546